000 00371 a2200157 4500
001 150040
020 _a8516031276
040 _cEscola São Tomás de Aquino
100 _aBRANCO, Samuel Murgel
240 1 0 _aViagem ao mundo dos micróbios
_lpor
245 1 0 _aViagem ao mundo dos micróbios
300 _a48
362 0 _a2002
697 _aCIÊNCIAS
942 _cBK
999 _c150040
_d150040